• 首页
  • 本馆介绍
  • 公告通知
  • 最新文献
  • 馆藏检索
  • 电子资源
  • 读者导购
  • 参考咨询
  • 我的图书馆
  • 登录
  • 详细信息显示
  • 放入我的书架
  • 预约/预借图书
  • 作者相关作品
  • 分类相关作品
  • 丛书相关作品
  • 出版社相关作品

书目信息

  • 表格格式
  • 工作单格式
  • 卡片格式
题名:
中国工业化规模沼气开发战略
    
 
作者: 王仲颖 , 高虎 , 秦世平 编著
分册:  
出版信息: 北京   化学工业出版社  2009
页数: 176页
开本: 26cm
丛书名:
单 册:
中图分类: S216.4
科图分类:
主题词: 甲烷--资源开发--研究--中国 , 甲烷--资源利用--研究--中国
电子资源:
ISBN: 978-7-122-04054-1
000 01013nam0 2200265 45
005 20100303151002.06
010    @a978-7-122-04054-1@dCNY120.00
100    @a20100120d2009 ekmy0chiy0120 ea
101 0  @achi@deng
102    @aCN@b110000
105    @aa z 000yy
106    @ar
200 1  @a中国工业化规模沼气开发战略@AZhong Guo Gong Ye Hua Gui Mo Zhao Qi Kai Fa Zhan Lue@e全球环境基金/联合国开发计划署@EQuan Qiu Huan Jing Ji Jin / Lian He Guo Kai Fa Ji Hua Shu@f王仲颖,高虎,秦世平等编著@FWang Zhong Ying, Gao Hu, Qin Shi Ping Deng Bian Zhu
210    @a北京@c化学工业出版社@d2009
215    @a176页@c图表@d26cm
300    @a加速中国可再生能源商业化能力建设项目 系列图书
300    @a项目成果第四卷(1)
606 0  @a甲烷@x资源开发@x研究@y中国
606 0  @a甲烷@x资源利用@x研究@y中国
690    @aS216.4@v4
701  0 @a王仲颖@AWang Zhong Ying@4编著
701  0 @a高虎@AGao Hu@4编著
701  0 @a秦世平@AQin Shi Ping@4编著
801  0 @aCN@bTANGWEI@c20100303
905    @b0584580-84@dS216.4@e44@f5
    
    中国工业化规模沼气开发战略:全球环境基金/联合国开发计划署/王仲颖,高虎,秦世平等编著.-北京:化学工业出版社,2009
    176页:图表;26cm
    加速中国可再生能源商业化能力建设项目 系列图书.-项目成果第四卷(1)
    
    ISBN 978-7-122-04054-1:CNY120.00
    
●
相关链接 在E读中查询图书 在五车中查询图书 在当当中查询图书 在豆瓣中查询图书


正题名:中国工业化规模沼气开发战略     索取号:S216.4/44         预约/预借

序号 登录号 条形码 馆藏地/架位号 状态 备注
1 0584580   205845807   第二样本阅览室/ [索取号:S216.4/44] 在馆    
2 0584581   205845816   第三借阅区/ [索取号:S216.4/44] 在馆    
3 0584582   205845825   第三借阅区/ [索取号:S216.4/44] 在馆    
4 0584583   205845834   密集书库-化学系/ [索取号:S216.4/44] 在馆    
5 0584584   205845843   密集书库-生命科学系/ [索取号:S216.4/44] 在馆    
唐山师范学院图书馆 欢迎您!
大连网信软件有限公司© 版权所有